| 000 | 00350 a2200133 4500 | ||
|---|---|---|---|
| 003 | OSt | ||
| 005 | 20180116182707.0 | ||
| 008 | 160816b xxu||||| |||| 00| 0 eng d | ||
| 040 | _c0 | ||
| 100 | _aDr. Mohammed Ahsen Chaudhri | ||
| 245 | _aPakistan and world Society. | ||
| 260 |
_aRoyal Book Compay Karachi _c1987 |
||
| 942 |
_aNBS _cBK _k954.91 CHA _2ddc |
||
| 999 |
_c344205 _d344205 |
||